000 00643nas a2200229 4500
001 BR9504868
003 BR-BrBNA
005 20231205094141.0
007 ta
008 230509b bl.|||p| |||| 00| 00por d
040 _aBR-BrBNA
_bpor
_cBiblioteca Nacional de Agricultura
041 _a(Pt)
072 _aF01
100 1 _aMoraes, L.A.H. de
245 1 _aTratos culturais em pomar de pessegueiro
650 _aPessego
650 _aPomar
650 _aPratica Cultural
773 0 _tIPAGRO Informa (Brazil)
_xISSN 0100-3410
_g(Oct 1988), no. 31 p. 47-50
_wBR9504868
909 _a202311
_bLúcia
_c55
_dLúcia Elande
942 _2AGRIS
_n0
_cANA
999 _c142365
_d142365